000 00216nam a22000857a 4500
008 170124b xxu||||| |||| 00| 0 eng d
100 _92540
_aSinghal.J.P.
245 _aSocial Science-VIII
260 _aNew Delhi
_bSingh
_c2010
999 _c5629
_d5629